| 000 | 00480cam a2200181ua 4500 | ||
|---|---|---|---|
| 020 | _c21.00 | ||
| 041 |
_aeng _h |
||
| 082 |
_a150.195 _bLAW/FA |
||
| 100 | _aLawrence, D.H . | ||
| 245 |
_aFantasia of the unconscious and psychoanalysis and the unconscious / _cD.H.Lawrence. _hTextual Documents |
||
| 250 |
_a1 / _b. |
||
| 260 |
_aLondon : _bWilliam Heinemann Ltd , _c1930. |
||
| 300 | _a248 ; . | ||
| 365 | _a21.00 | ||
| 504 | _a | ||
| 942 | _cBK | ||
| 999 |
_c1947 _d1947 |
||